Approche psychosociale d’une tentative de suicide par plaie du cou en milieu culturel Pulaar au Sénégal (notice n° 1739664)

détails MARC
000 -LEADER
fixed length control field 01356cam a2200313 4500500
005 - DATE AND TIME OF LATEST TRANSACTION
control field 20260322004346.0
041 ## - LANGUAGE CODE
Language code of text/sound track or separate title fre
042 ## - AUTHENTICATION CODE
Authentication code dc
100 10 - MAIN ENTRY--PERSONAL NAME
Personal name Ba, El Hadji Makhtar
Relator term author
245 00 - TITLE STATEMENT
Title Approche psychosociale d’une tentative de suicide par plaie du cou en milieu culturel Pulaar au Sénégal
260 ## - PUBLICATION, DISTRIBUTION, ETC.
Date of publication, distribution, etc. 2015.<br/>
500 ## - GENERAL NOTE
General note 48
520 ## - SUMMARY, ETC.
Summary, etc. Les suicides par armes blanches ne représentent que 5% de ces actes au Sénégal. Dans le cas étudié d’un suicidant appartenant à la communauté. Peulh, les modalités du passage à l’acte ont une forte connotation culturelle.
520 ## - SUMMARY, ETC.
Summary, etc. Suicide attempt with a knife is only 5% of these acts tn Senegal. In the sudied case, the person commuting suicide is belonging to the Peul community and the way of commiting suicide has a strong cultural connotation.
690 ## - LOCAL SUBJECT ADDED ENTRY--TOPICAL TERM (OCLC, RLIN)
Topical term or geographic name as entry element arme blanche
690 ## - LOCAL SUBJECT ADDED ENTRY--TOPICAL TERM (OCLC, RLIN)
Topical term or geographic name as entry element culturel
690 ## - LOCAL SUBJECT ADDED ENTRY--TOPICAL TERM (OCLC, RLIN)
Topical term or geographic name as entry element Peulh
690 ## - LOCAL SUBJECT ADDED ENTRY--TOPICAL TERM (OCLC, RLIN)
Topical term or geographic name as entry element Suicide
690 ## - LOCAL SUBJECT ADDED ENTRY--TOPICAL TERM (OCLC, RLIN)
Topical term or geographic name as entry element cultural
690 ## - LOCAL SUBJECT ADDED ENTRY--TOPICAL TERM (OCLC, RLIN)
Topical term or geographic name as entry element knife
690 ## - LOCAL SUBJECT ADDED ENTRY--TOPICAL TERM (OCLC, RLIN)
Topical term or geographic name as entry element Peul
690 ## - LOCAL SUBJECT ADDED ENTRY--TOPICAL TERM (OCLC, RLIN)
Topical term or geographic name as entry element Suicide
700 10 - ADDED ENTRY--PERSONAL NAME
Personal name Danfa, Abdoulaye
Relator term author
700 10 - ADDED ENTRY--PERSONAL NAME
Personal name Kassé, Magatte
Relator term author
700 10 - ADDED ENTRY--PERSONAL NAME
Personal name Sylla, Aida
Relator term author
700 10 - ADDED ENTRY--PERSONAL NAME
Personal name Thiam, Mamadou Habib
Relator term author
786 0# - DATA SOURCE ENTRY
Note Psy Cause | 69 | 2 | 2015-01-21 | p. 35-38 | 1245-2394
856 41 - ELECTRONIC LOCATION AND ACCESS
Uniform Resource Identifier <a href="https://shs.cairn.info/revue-psy-cause-2015-2-page-35?lang=fr&redirect-ssocas=7080">https://shs.cairn.info/revue-psy-cause-2015-2-page-35?lang=fr&redirect-ssocas=7080</a>

Pas d'exemplaire disponible.

PLUDOC

PLUDOC est la plateforme unique et centralisée de gestion des bibliothèques physiques et numériques de Guinée administré par le CEDUST. Elle est la plus grande base de données de ressources documentaires pour les Étudiants, Enseignants chercheurs et Chercheurs de Guinée.

Adresse

627 919 101/664 919 101

25 boulevard du commerce
Kaloum, Conakry, Guinée

Réseaux sociaux

Powered by Netsen Group @ 2025